Smlouva o Ústavě pro Evropu jako mezinárodní smlouva

Zhodnotenie ústavnej zmluvy po formálnej stránke, t.j. ako medzinárodnej zmluvy. Odlišnosti od ostatných medzinárodných zmlúv. Zmluva verzus ústava. Neústavné a ústavné znaky ústavnej zmluvy. Zmluva s ústavnými znakmi.

Na minha lista:
Detalhes bibliográficos
Autor principal: Trávníčková, Zuzana
Formato: Capítulo de Livro
Idioma:tcheco
Assuntos:
Tags: Adicionar Tag
Sem tags, seja o primeiro a adicionar uma tag!

MARC

LEADER 00000naa$a2200000$$$4500
001 0043814
005 20231114082327.4
041 0 |a cze 
044 |a CZ 
245 1 0 |a Smlouva o Ústavě pro Evropu jako mezinárodní smlouva  |c Zuzana Trávníčková 
520 |a Zhodnotenie ústavnej zmluvy po formálnej stránke, t.j. ako medzinárodnej zmluvy. Odlišnosti od ostatných medzinárodných zmlúv. Zmluva verzus ústava. Neústavné a ústavné znaky ústavnej zmluvy. Zmluva s ústavnými znakmi. 
610 2 0 |a demokracia 
610 2 0 |a Európa 
610 2 0 |a ústava 
610 2 0 |a zmluvy medzinárodné 
610 2 0 |a právo medzinárodné 
610 2 0 |a dohody medzinárodné 
610 2 0 |a dokumenty vládne 
610 2 0 |a ratifikácia 
100 1 |a Trávníčková, Zuzana